Entrepreneurship and Development for a Green Resilient Economy

Salvato in:
Dettagli Bibliografici
Altri autori: Grigorescu, Adriana, Andrei, Jean Vasile
Natura: Libro
Lingua:inglese
Pubblicazione: Leeds Emerald Publishing 2024
Edizione:1st Edition
Soggetti:
Tags: Aggiungi Tag
Nessun Tag, puoi essere il primo ad aggiungerne!!

MARC

LEADER 00000nam a2200000 4500
001 0311711
005 20250821124424.2
020 |a 978-1-83797-088-9 
041 0 |a eng 
044 |a GB 
245 1 0 |a Entrepreneurship and Development for a Green Resilient Economy  |c Edited by Adriana Grigorescu and Jean Vasile Andrei 
250 |a 1st Edition 
264 1 |a Leeds  |b Emerald Publishing  |c 2024 
300 |a 318 s. 
500 |a Emerald e-books. 
610 2 0 |a ekonomika zelená 
610 2 0 |a podnikanie zodpovedné 
610 2 0 |a rozvoj trvalo udržateľný 
700 1 |a Grigorescu, Adriana 
700 1 |a Andrei, Jean Vasile